000 01434naa a2200229 i 4500
001 3597
003 KOSZ 005
005 20180220104438.0
008 150206s2008 pl n f |000 0pol
040 _cBPK
_dKOSZ 005/EG
080 _a621.791/.795
100 1 _aBORKOWSKI, Józef.
_d1996 - .
_bPolitechnika Koszalińska - Centrum Niekonwencjonalnych Technologii Hydrostrumieniowych
245 1 0 _aPrzydatność wysokociśnieniowej strugi cieczy z biomateriałami ziarnistymi do stosowania w chirurgii ortopedycznej /
_cJózef Borkowski, Przemysław Borkowski, Janusz Cwanek.
500 _aDane z autopsji.
520 _aW artykule omówiono najistotniejsze zagadnienia stosowania wysokociśnieniowej strugi cieczy jako potencjalnego narzędzia chirurgicznego. Przedstawiono oryginalną metodykę badań, a także część przykładowych wyników.
650 0 _aObróbka wodno-ścierna.
650 0 _aBiomateriały.
650 0 _a Ortopedia.
700 1 _aBORKOWSKI, Przemysław.
_d1996 - 2013.
_bPolitechnika Koszalińska - Centrum Niekonwencjonalnych Technologii Hydrostrumieniowych
773 0 _iW :
_tWysokociśnieniowe technologie hydrostrumieniowe / pod red. Józefa A. Borkowskiego, Przemysława J. Borkowskiego. -
_dKoszalin : Wydaw. Uczelniane Politechniki Koszalińskiej, 2008. -
_gs. 345-354
_kMonografia / Instytut Niekonwencjonalnych Technologii Hydrostrumieniowych ; nr 154
942 _cROZ
_2UKD
999 _c3597
_d3597